000
00254nam a2200121Ia 4500
100
_a
Ballaney P.L
942
_c
BK
654
_a
thermal
245
_a
Thermal Engineering
260
_b
Khanna pub.
_a
New Delhi
_c
1993
300
_a
1420
546
_a
ENGLISH
999
_c
34321
_d
34321